00539nam a2200193Ia 4500001000900000003000500009005001700014008004100031010001100072040000900083082001500092100001300107245008200120260002900202300001000231410002600241650004100267650003700308dia_2796CHAP20251023163518.0220117s1989 xx 000 0 und d a173296 cCHAP a664.118 G4 aGeplacea aLa Melaza como Recurso Alimenticio para Producción Animal /c por Geplacea aMéxico, Geplaceac1989 a340P. aSERIE DIVERSIFICACION aAlimentos y alimentación de ganado aCaña de azúcar subproductos